Holiday Quiz

Random Holiday or Christmas Quiz

'Have Yourself a Merry Little Christmas' Lyrics Quiz Stats

 Plays Quiz Updated Dec 5, 2018

Support Sporcle.
Go Orange.
Score 0/93 Timer 05:00
5 Plays Today
% Correct
Have
98.6%
Have
98.6%
have
98.6%
a
98.4%
a
98.4%
a
98.4%
a
98.4%
your
97.8%
merry
97.5%
merry
97.5%
merry
97.5%
Christmas,
97.1%
Christmas,
97.1%
Christmas
97.1%
little
96.8%
little
96.8%
little
96.8%
yourself
96.7%
yourself
96.7%
yourself
96.7%
be
86.1%
be
86.1%
be
86.1%
be
86.1%
the
81.3%
the
81.3%
the
81.3%
the
81.3%
on,
78.6%
on,
78.6%
now
78.4%
% Correct
now
78.4%
now.
78.4%
will
77.3%
will
77.3%
will
77.3%
of
74.8%
of
74.8%
troubles
74.3%
troubles
74.3%
Let
74.3%
From
74%
From
74%
to
73.4%
to
73.4%
heart
71.7%
And
70.2%
all
69.2%
Our
68.5%
Our
68.5%
out
68%
we
67.5%
we
67.5%
sight.
66.8%
light
66.2%
away.
65.4%
days,
64.6%
days
64.6%
Yuletide
64.4%
in
63.6%
are
63.2%
are
63.2%
% Correct
gay,
61.6%
Happy
60.1%
golden
59.7%
us
59.4%
us
59.4%
miles
57.9%
If
57.2%
olden
56.9%
Make
56.2%
Here
55.9%
near
55.5%
together
55.4%
who
55.4%
dear
55.4%
more.
54.8%
once
54.6%
friends
54.5%
as
54.5%
yore.
52.5%
allow
50.8%
star
50.6%
Fates
49.9%
years
49.4%
highest
49.2%
Through
48.6%
Hang
48.3%
Faithful
48.3%
shining
48%
upon
47.3%
Gather
46.3%
bough.
43.1%

You're not logged in!

Compare scores with friends on all Sporcle quizzes.
OR
Log In
Forgot?

From the Vault

TV Shows by Opening Sequence

by Tom007

Pair this with the TV Theme Songs quiz and it'll be like you're actually watching TV.
Remove Ads.
Support Sporcle.
Get the best of Sporcle when you Go Orange. This ad-free experience offers more features, more stats, and more fun while also helping to support Sporcle. Thank you for becoming a member.

Show Comments

Extras

Top Quizzes Today


Score Distribution

Your Account Isn't Verified!

In order to create a playlist on Sporcle, you need to verify the email address you used during registration. Go to your Sporcle Settings to finish the process.

Report this User

Report this user for behavior that violates our Community Guidelines.

Details: